000 01404cam a2200409 a 4500
001 ocn427341672
003 TZ-ArACH
005 2011092306016.0
008 070710s2007 be 000 0bfre d
020 _a9782802724100
035 _a(OCoLC)427341672
035 _a(MiU-L).b1401466x
040 _aAUXAM
_cEMI
041 _afre
043 _ae-fr---
049 _aTZAA
050 4 _aKJV251.5
_b.C37
082 1 4 _a944
_21
100 1 _aIsraël, Gérard,
_d1928-
_92247
245 1 0 _aRené Cassin, 1887-1976 : la guerre hors la loi, avec De Gaulle, les droits de l'homme
_bla guerre hors la loi, avec De Gaulle, les droits de l'homme /
_cGérard Israël.
260 _aBruxelles :
_bNemesis :
_bBruylant,
_c2007.
300 _a292 p. ;
_c22 cm.
490 1 _aDroit et justice ;
_v71
600 1 0 _aCassin, René,
_d1887-
_92248
650 0 _aLawyers
_zFrance
_vBiography.
_92249
650 0 _aWorld War, 1939-1945
_zFrance
_vBiography.
_92250
650 0 _aHuman rights.
_92251
650 0 _adroits de l'homme
_92252
650 0 _aGaulle, Charles de
_92253
830 0 _aDroit et justice (Brussels, Belgium) ;
_v71.
_92254
902 _a11-17-08
907 _a.b1401466x
_b11-17-08
_c01-30-08
942 _2lcc
_cBOOK
998 _b02-12-08
_cc
_dp
999 _c1330
_d1330